یہ لاھور ہے ۔۔۔ ............ Yeh Lahore Hy (Record no. 529145)

000 -LEADER
fixed length control field 00390nam a22001457a 4500
003 - CONTROL NUMBER IDENTIFIER
control field NUST
038 ## - RECORD CONTENT LICENSOR
Staff Name MSOHAIL
082 ## - DEWEY DECIMAL CLASSIFICATION NUMBER
Classification number 0
100 ## - MAIN ENTRY--PERSONAL NAME
Personal name Abu al Hassan Naghmi
9 (RLIN) 21011
110 ## - MAIN ENTRY--CORPORATE NAME
Relator code آبوالحَسّن نَغمی
245 ## - TITLE STATEMENT
Title یہ لاھور ہے ۔۔۔ ............ Yeh Lahore Hy
260 ## - PUBLICATION, DISTRIBUTION, ETC.
Place of publication, distribution, etc. Lahore
Name of publisher, distributor, etc. Sang-e-Mil Publication
Date of publication, distribution, etc. c
300 ## - PHYSICAL DESCRIPTION
Extent 428,p;'
Dimensions 22cm
Accompanying material H.B
942 ## - ADDED ENTRY ELEMENTS (KOHA)
Source of classification or shelving scheme
Koha item type Book
Holdings
Withdrawn status Lost status Source of classification or shelving scheme Damaged status Not for loan Permanent Location Current Location Date acquired Total Checkouts Barcode Date last seen Price effective from Koha item type
          School of Civil and Environmental Engineering (SCEE) School of Civil and Environmental Engineering (SCEE) 09/20/2019   NIT-10731 09/20/2019 09/20/2019 Book
© 2023 Central Library, National University of Sciences and Technology. All Rights Reserved.